书目信息 |
| 题名: |
固体物理概念题和习题指导
|
|
| 作者: | 王矜奉 编著 | |
| 分册: | ||
| 出版信息: | 济南 山东大学出版社 2001 |
|
| 页数: | 266页 | |
| 开本: | 21cm | |
| 丛书名: | ||
| 单 册: | ||
| 中图分类: | O48-44 | |
| 科图分类: | ||
| 主题词: | 固体物理学--高等学校--习题 , CT--S027253--固体物理学 | |
| 电子资源: | ||
| ISBN: | 7-5607-2337-3 | |
| 000 | 00809nam0 2200241 45 | |
| 001 | 012002025279 | |
| 005 | 20031219104114.1 | |
| 010 | @a7-5607-2337-3@dCNY15.00 | |
| 100 | @a20020319d2001 em y0chiy0110 ea | |
| 101 | 0 | @achi |
| 102 | @aCN@b370000 | |
| 105 | @ay z 000yy | |
| 106 | @ar | |
| 200 | 1 | @a固体物理概念题和习题指导@9gu ti wu li gai nian ti he xi ti zhi dao@f王矜奉等编著 |
| 210 | @a济南@c山东大学出版社@d2001 | |
| 215 | @a266页@d21cm | |
| 330 | @a本书对《固体物理教程》的思考题和习题进行了全面的解答。全书分晶体的结构、晶体的结合、晶体的缺陷、晶体中电子能带理论等六章内容。 | |
| 606 | 0 | @a固体物理学@x高等学校@x习题 |
| 606 | 0 | @2CT@3S027253@a固体物理学 |
| 690 | @aO48-44@v4 | |
| 701 | 0 | @a王矜奉@9wang jin feng@4编著 |
| 801 | @aCN@bTSTC@c20030909 | |
| 905 | @b324898-900@dO48-44@e36@f3 | |
| 固体物理概念题和习题指导/王矜奉等编著.-济南:山东大学出版社,2001 |
| 266页;21cm |
| ISBN 7-5607-2337-3:CNY15.00 |
| 本书对《固体物理教程》的思考题和习题进行了全面的解答。全书分晶体的结构、晶体的结合、晶体的缺陷、晶体中电子能带理论等六章内容。 |
| ● |
| 相关链接 |
|
|
|
|
正题名:固体物理概念题和习题指导
索取号:O48-44/36
 
预约/预借
| 序号 | 登录号 | 条形码 | 馆藏地/架位号 | 状态 | 备注 |
| 1 | 0324898 | 203248985 | 第三借阅区/ [索取号:O48-44/36] | 在馆 | |
| 2 | 0324899 | 203248994 | 第三借阅区/ [索取号:O48-44/36] | 在馆 | |
| 3 | 0324900 | 203249001 | 第二样本阅览室/ [索取号:O48-44/36] | 在馆 |